LEADER 01018nam a2200253 i 4500 001 991003152729707536 005 20020509113049.0 008 960614s1987 uk ||| | ||| 020 $a0714632988 035 $ab11116584-39ule_inst 035 $aPARLA176063$9ExL 040 $aDip.to scienze storiche$bita 100 1 $aNachmani, Amikam$0539740 245 10$aGreat power discord in Palestine :$bthe Anglo-American Committee of Inquiry into the Problems of Euopean Jewry and Palestine, 1945-1946 /$cAmikam Nachmani 260 $aLondon :$bCass,$c1987 300 $aX, 294 p. ;$c22 cm. 650 4$aPalestina$xPolitica$xStoria$y1929-1948 650 4$aPolitica internazionale$y1945-1955 907 $a.b11116584$b21-09-06$c28-06-02 912 $a991003152729707536 945 $aLE009 Stor. 79.1-103$g1$i2009000062740$lle009$o-$pE0.00$q-$rl$s- $t0$u1$v0$w1$x0$y.i11253885$z28-06-02 996 $aGreat power discord in Palestine$9858223 997 $aUNISALENTO 998 $ale009$b01-01-96$cm$da $e-$feng$guk $h0$i1